| 000 | 01013nam a2200325 a 4500 | ||
|---|---|---|---|
| 001 | 58605 | ||
| 003 | CO-BoRNBP | ||
| 005 | 20250827145832.0 | ||
| 007 | ta | ||
| 008 | 111128r20101997ck a jr 00010dspa d | ||
| 020 | _a9789583003479 | ||
| 040 |
_aCO-BoBLA _bspa _cCO-BoBLA |
||
| 041 | 0 | _aspa | |
| 043 | _as-ck--- | ||
| 082 | 0 | 4 |
_aI863.6 _bR65a5 _219 |
| 100 | 1 |
_aRomán, Celso, _d1947- |
|
| 245 | 1 | 4 |
_aLos amigos del hombre / _cCelso Román ; ilustraciones Alexis Forero Valderrama ; fotografías Gina Marcela Valderrama. |
| 250 | _a1a. edición | ||
| 300 |
_a129 p. : _bil. ; _c21 cm. |
||
| 336 |
_2rdacontent _atexto _btxt |
||
| 337 |
_2rdamedia _asin mediación _bn |
||
| 338 |
_2rdacarrier _avolumen _bnc |
||
| 490 | 0 | _aLiteratura juvenil | |
| 650 | 7 |
_aCuentos infantiles colombianos. _2BLAAUTO |
|
| 650 | 7 |
_aAmistad _vCuentos infantiles. _2BLAAUTO _961505 |
|
| 700 | 0 |
_aAlekos, _d1953- _eil. _923374 |
|
| 700 | 1 |
_aValderrama, Gina Marcela, _efot. _963635 |
|
| 942 |
_2ddc _cBK |
||
| 949 |
_ac _bc |
||
| 999 |
_c58605 _d58605 |
||